000 00445nam a2200169 a 4500
001 3238
005 20140414131918.0
008 040129s19uu xx 00 eng d
020 _a0-307-00105-9
050 _aER
_bL72 1989
100 _aTeitelbaum, Michael
245 _aLittle mermaid (The) :
_bAriel's underwater /
_cMichael Teitelbaum.
260 _aU.S.A :
_bGolden,
_c1989.
300 _ap. ; cm.
999 _c111568
_d111568